Redeemer: (the power and the glory) songbook two, classical & contemporary songs in four parts: for orchestras, choirs, bands, schools and colleges
Guardat en:
| Autor principal: | |
|---|---|
| Format: | Llibre |
| Idioma: | anglès |
| Publicat: |
Leckson Publishers
2014.
|
| Etiquetes: |
Afegir etiqueta
Sense etiquetes, Sigues el primer a etiquetar aquest registre!
|
MARC
| LEADER | 00000nam a22000007a 4500 | ||
|---|---|---|---|
| 008 | 210125b ||||| |||| 00| 0 eng d | ||
| 020 | |a ISBN: 978-0-692-79417-3 | ||
| 100 | |a ADELEKAN, Dotun. | ||
| 245 | |a Redeemer: |b (the power and the glory) songbook two, classical & contemporary songs in four parts: for orchestras, choirs, bands, schools and colleges |c Dotun Adelekan. | ||
| 260 | |b Leckson Publishers |c 2014. |h Nevada, USA |i 691039 |i 691040 |l MT930 .Ad3 | ||
| 942 | |a lcc |c BK |e j o ifatola |f 25/1/2021 | ||
| 952 | |0 0 |1 0 |2 lcc |4 0 |6 MT0930 A D3 |7 0 |9 1648 |a HOL |b HOL |c LP |d 2021-01-25 |l 0 |o MT930 .Ad3 |p 2021-0435 |r 2021-01-25 00:00:00 |w 2021-01-25 |y BK | ||
| 952 | |0 0 |1 0 |2 lcc |4 0 |6 MT0930 A D3 |7 0 |9 1649 |a HOL |b ART |c LP |d 2021-01-25 |l 0 |o MT930 .Ad3 |r 2021-01-25 00:00:00 |w 2021-01-25 |y BK | ||
| 999 | |c 874 |d 874 | ||